=LDR 00000nam 2200000 4500 =001 INLIS000000000047195 =005 20170121134322.0 =006 =007 =008 =035 ##$$0010-091500000000025 =082 ##$$a 028.5 =090 ##$$a 028.5 has k =100 ##$$a sugeng supriyadi =245 ##$$a bulan bintang di malam hari =260 ##$$a bertari kids =300 ##$$a hln.64 =850 ##$$a NPBMAT =990 ##$$a 0001/BPAP-NTB/2015 =990 ##$$a 0001/BPAP-NTB/2015 =990 ##$$a 0001/BPAP-NTB/2015 =990 ##$$a 0001/BPAP-NTB/2015